| 000 | 00490nam a22001577a 4500 | ||
|---|---|---|---|
| 003 | macl | ||
| 005 | 20191011125636.0 | ||
| 008 | 191011b xxu||||| |||| 00| 0 eng d | ||
| 040 | _cmacl | ||
| 082 | _a900 | ||
| 100 |
_aधामा, तेजपाल सिंह _976373 |
||
| 245 | _aविदेशी लुटेरे | ||
| 260 |
_aदिल्ली _bशर्मा एण्ड कम्पनी _c2016 |
||
| 650 |
_aइतिहास _976925 |
||
| 942 |
_2ddc _cHIN |
||
| 999 |
_c61182 _d61182 |
||